000 00346nam a22001457a 4500
003 SGT
020 _a8189635220
082 _a248.22,SIN
100 _aSINGH, T.D.
245 _aMYSTICISM A MEETING POINT OF SCIENCE AND RELIGION
260 _aKOLKATA
_bBHAKITVEDANTA INSTITUTE
_c2005
300 _a105
650 _a Religion
942 _2ddc
_cBK
999 _c23400
_d23400